000 00608nam a2200193Ia 4500
003 GCL
008 140319s9999 xx 000 0 ara d
040 _aGCL /
_cGCL
082 0 4 _a301.01
_bم ع
100 1 _aمحمد الجوهرى
245 1 0 _aعلم الاجتماع: النظرية ـ الموضوع ـ المنهج /
_cمحمد الجوهرى
260 _a[S.N] :
_bدار المعرفة الجامعية ،
_c1992
300 _a367 ص
490 _a
650 0 4 _aتاريخ
650 0 4 _aالعلوم الاجتماعية
650 0 4 _aالتنمية الاجتماعية
942 _2ddc
_cBK
999 _c34312
_d34312